الموت حقيقة منسية : رحلة البداية من ضيق الدنيا إلى سعةالآخرة / (رقم التسجيلة. 79902)

تفاصيل مارك
000 -الفاتح
عناصر البيانات ثابتة الطول 00884cam a2200229 i 4500
005 - تاريخ ووقت آخر معاملة
حقل ضبط 20251207104311.0
008 - عناصر البيانات ثابتة الطول
عناصر البيانات ثابتة الطول 250721r2000 ue gr 000 0 ara d
020 ## - الترقيم الدولي المعياري للكتب (ردمك)
الترقيم الدولي المعياري للكتب (ردمك) 977294166
082 14 - رقم تصنيف ديوي العشري
رقم التصنيف 214.5
رقم المادة ع ب د
100 1# - مدخل رئيسي – اسم شخصي
الاسم الشخصي عبدالعاطي، أحمد عبدالعاطي
علاقة الشخص بالعمل/ دوره مؤلف.
245 12 - بيان العنوان
العنوان الموت حقيقة منسية : رحلة البداية من ضيق الدنيا إلى سعةالآخرة /
بيان المسؤولية تالبف احمد عبدالعاطي احمد عبدالعاطي.
250 ## - بيان الطبعة
بيان الطبعة الطبعة الاولى.
264 31 - بيانات النشر، التوزيع…إلخ
مكان النشر، التوزيع...إلخ القاهرة :
اسم الناشر، الموزع...إلخ مركز الكتاب للنشر،
تاريخ النشر، التوزيع...إلخ 2000.
300 ## - الوصف المادي
عدد الوحدات المكونة للوعاء 167صفحة.
650 17 - مدخل إضافي بالموضوع - مصطلح موضوعي
مصطلح موضوعي أو اسم جغرافي كعنصر مدخل الحياة الآخرة.
650 17 - مدخل إضافي بالموضوع - مصطلح موضوعي
مصطلح موضوعي أو اسم جغرافي كعنصر مدخل الوفاة.
650 17 - مدخل إضافي بالموضوع - مصطلح موضوعي
مصطلح موضوعي أو اسم جغرافي كعنصر مدخل الموت.
650 17 - مدخل إضافي بالموضوع - مصطلح موضوعي
مصطلح موضوعي أو اسم جغرافي كعنصر مدخل العقيدة الدينية.
700 1# - مدخل إضافي - اسم شخصي
الاسم الشخصي عوض، احمد عبده
علاقة الشخص بالعمل/ دوره مراجع.
942 ## - بيانات إضافية (كوها)
نوع التنصيف Dewey Decimal Classification
نوع المادة (كوها) كتب
المقتنيات
حالة السحب حالة الفقدان مصدر التصنيف حالة التلف غير قابل للإعارة المكتبة الرئيسية المكتبة الحالية موقع الرف تاريخ التزويد الرقم المتسلسل Total Checkouts رقم الإستدعاء الباركود تاريخ آخر ظهور تاريخ الفاتورة نوع المادة (كوها)
    Dewey Decimal Classification     المكتبة المركزية المكتبة المركزية الإعارة 28/07/2025 1454272   214.5 / ع ب د PLD00176172 28/07/2025 28/07/2025 كتب
Implemented & Customized by: BBB with SCIT (Smart Chains for Information Technology)

Powered by Koha